000 00588nam a2200205Ia 4500
005 20250923145600.0
008 008 250917s9999 xx 000 0 eng d
037 _aTextual
040 _aDSWL
_beng
_cDSWL
041 _aeng
_2eng
084 _aT2-6, N79
_qDSWL
100 _aWall, W.D.
_9836841
245 0 _aConstructive education for special groups: handicapped and deviant children
_c by W.D.Wall
260 _aParis
_bUnesco
_c1979
300 _aix,144p.
365 _aINR
_b35
925 _g35
942 _cTEXL
_hT2-6, N79
999 _c1453118
_d1453118